Uplatňovanie DPH v rámci EÚ bakalárska práca

Enregistré dans:
Détails bibliographiques
Auteur principal: Štrasser, Jakub
Collectivité auteur: Národohospodárska fakulta EU. Katedra financií
Autres auteurs: Nekanovič, Miloslav
Format: Livre
Langue:slovaque
Publié: Bratislava 2009
Tags: Ajouter un tag
Pas de tags, Soyez le premier à ajouter un tag!

MARC

LEADER 00000nam$a2200000$$$4500
001 0103779
005 20240318141548.8
041 0 |a slo 
044 |a SK 
245 1 0 |a Uplatňovanie DPH v rámci EÚ  |b bakalárska práca  |c Jakub Štrasser ; škol. Miloslav Nekanovič 
264 1 |a Bratislava  |c 2009 
300 |a 33 s. 
100 1 |a Štrasser, Jakub 
700 1 |a Nekanovič, Miloslav 
710 2 |a Národohospodárska fakulta EU. Katedra financií